Т. 40, № 12; Дифференциальные уравнения

Bibliografiske detaljer
Parent link:Дифференциальные уравнения: ежемесячный математический журнал/ Российская академия наук (РАН). Т. 40, № 12.— , 1976-2008.— 0374-0641
Sprog:russisk
Udgivet: 2004
Format: Bog
KOHA link:https://koha.lib.tpu.ru/cgi-bin/koha/opac-detail.pl?biblionumber=395247

MARC

LEADER 00000nam2a2200000 4500
001 395247
005 20231101064607.0
035 |a (RuTPU)RU\TPU\prd\32447 
090 |a 395247 
100 |a 20050207a20049999k y0rusy50 ca 
101 0 |a rus 
102 |a RU 
200 0 |a Т. 40, № 12 
210 |d 2004 
461 1 |0 (RuTPU)RU\TPU\prd\1460  |x 0374-0641  |t Дифференциальные уравнения  |o ежемесячный математический журнал  |f Российская академия наук (РАН)  |v Т. 40, № 12  |d 1976-2008 
801 0 |a RU  |b 63413507  |c 20010227  |g PSBO 
801 1 |a RU  |b 63413507  |c 20050207  |g PSBO 
801 2 |a RU  |b 63413507  |c 20120903  |g RCR 
942 |c BK 
999 |a НТБ_ТПУ  |b НФ  |e -1/20050104  |p П-8582  |s 1/20040407  |u 0,00  |v 1